| 000 | 00511nam a2200193Ia 4500 | ||
|---|---|---|---|
| 008 | 210417s9999 xx 000 0 und d | ||
| 020 | _a9781680940381 | ||
| 020 | _b1680940384 | ||
| 082 | _a658.1511 BRE | ||
| 082 | _b22.658.1511 BRE | ||
| 245 | 0 | _aIntroduction to cost accounting | |
| 245 | 0 | _cIntroduction to cost accounting | |
| 250 | _b"268 p. : ill. ; 25 cm., hbk." | ||
| 260 | _aNew York | ||
| 260 | _bArcler Press | ||
| 260 | _c2016 | ||
| 700 | _a"Bernnan, Joshua" | ||
| 700 | _bJoshua Bernnan | ||
| 999 |
_c469340 _d469340 |
||